| 000 | 00680nam a2200229 i 4500 | ||
|---|---|---|---|
| 001 | bg | ||
| 100 | 1 | _aMELDIZON, Jerzy | |
| 245 | 1 | 0 |
_aMateriały pomocnicze z fizyki dla studentów semestru zerowego / _cJerzy Meldizon ; Politechnika Lubelska. _nCz. 2. |
| 260 |
_aLublin : _bWydawnictwa Uczelniane PL, _c1996. |
||
| 300 |
_a140 s. : _brys., wykr. ; _c24 cm. |
||
| 650 | 9 | _aElektromagnetyzm | |
| 650 | 9 | _aOptyka | |
| 650 | 9 | _aFizyka jądrowa | |
| 655 | _aPodręczniki akademickie | ||
| 020 | _a8386333782 (cz. 2) | ||
| 040 | _cBPK | ||
| 041 | 0 | _apl | |
| 080 | _a53(075.8) | ||
| 920 | _a83-86333-78-2 (cz. 2) | ||
| 942 | _cKS | ||
| 008 | s pl f |000 0 pol | ||
| 999 |
_c25019 _d25019 |
||
| 856 |
_uhttp://koha.tu.koszalin.pl/cgi-bin/koha/opac-detail.pl?biblionumber=25019 _yKatalog online BPK |
||